[Event "4th Tungsram it"]
[Site "Budapest HUN"]
[Date "1978.08.??"]
[Round "1"]
[White "Lukacs, Peter"]
[Black "Regan, Kenneth"]
[Result "1/2-1/2"]
[WhiteElo "2460"]
[BlackElo "2430"]
[EventDate "1978.08.12"]
[PlyCount "46"]

1.d4 e6 2.c4 b6 3.a3 Nf6 4.Nc3 Bb7 5.d5 exd5 6.cxd5 c6 7.g3 Nxd5 8.Nxd5 
cxd5 9.Bg2 Qf6 10.Nh3 Na6 11.O-O Bd6 12.Bxd5 Bxd5 13.Qxd5 O-O 14.Rb1 Qe6 
15.Rd1 Qxh3 16.Qxd6 Qh5 17.Qd3 Nc5 18.Qf3 Qxf3 19.exf3 Rfd8 20.Rd5 Rac8 
21.Be3 Na4 22.Bd4 f6 23.Rd1 Rc2 1/2-1/2

[Event "4th Tungsram it"]
[Site "Budapest HUN"]
[Date "1978.08.??"]
[Round "1"]
[White "Csom, Istvan"]
[Black "Barczay, Laszlo"]
[Result "1-0"]
[WhiteElo "2510"]
[BlackElo "2465"]
[EventDate "1978.08.12"]
[PlyCount "124"]

1.c4 Nf6 2.d4 g6 3.g3 Bg7 4.Bg2 O-O 5.Nc3 c5 6.Nf3 Na6 7.O-O d6 8.b3 Bd7 
9.Bb2 Rb8 10.Qd2 b6 11.Rac1 Nc7 12.Rfe1 Qc8 13.e4 Bh3 14.dxc5 Bxg2 15.Kxg2
bxc5 16.Nd5 Ncxd5 17.exd5 Re8 18.Re2 Qd7 19.Rce1 a5 20.Bxf6 Bxf6 21.Qxa5 
Ra8 22.Qd2 Ra3 23.Rc1 Rea8 24.Rc2 Qf5 25.Qh6 R8a7 26.h3 Bg7 27.Qd2 h5 28.
Qg5 Qxg5 29.Nxg5 Bf6 30.Ne4 Bd4 31.Kf1 f6 32.h4 Kf7 33.Ke1 Ra8 34.Kd1 Rg8 
35.Nd2 g5 36.Nf3 Ba1 37.Kc1 g4 38.Ne1 Be5 39.Kb1 Rb8 40.Rc1 e6 41.Rd1 Re8 
42.dxe6+ Rxe6 43.Rd5 Ra8 44.Nd3 Ke7 45.a4 Rc8 46.Kc2 Kd7 47.Kd1 Ree8 48.a5
Kc7 49.Ra2 Rb8 50.Ra3 Kc6 51.Kc2 f5 52.a6 f4 53.gxf4 Bd4 54.b4 cxb4 55.
Nxb4+ Rxb4 56.Rxd4 Ra8 57.Ra5 Rb6 58.Rxd6+ Kxd6 59.c5+ Kc6 60.cxb6 Kxb6 
61.Ra2 Ka7 62.Kd3 Re8 1-0

[Event "4th Tungsram it"]
[Site "Budapest HUN"]
[Date "1978.08.??"]
[Round "1"]
[White "Portisch, Ferenc"]
[Black "Ree, Hans"]
[Result "1/2-1/2"]
[WhiteElo "2450"]
[BlackElo "2500"]
[EventDate "1978.08.12"]
[PlyCount "80"]

1.d4 Nf6 2.c4 e6 3.Nc3 d5 4.Nf3 Be7 5.Bg5 O-O 6.e3 Nbd7 7.Qc2 h6 8.h4 c5 
9.O-O-O cxd4 10.Nxd4 dxc4 11.g4 Nxg4 12.Bxc4 Bxg5 13.hxg5 Qxg5 14.Rdg1 
Ndf6 15.Qe2 b5 16.Bxb5 Bb7 17.Bc6 Rab8 18.f4 Qc5 19.Bxb7 Rxb7 20.Rxg4 Nxg4
21.Qxg4 Rfb8 22.Qe2 Rxb2 23.Qxb2 Rxb2 24.Kxb2 e5 25.fxe5 Qxe5 26.Rh3 h5 
27.Nce2 g6 28.Nf4 Qb8+ 29.Ka3 Qe8 30.Kb3 Qc8 31.a3 Qg4 32.Rf3 Qg1 33.Ka4 
Qe1 34.Nh3 Kg7 35.Ng5 f5 36.Nde6+ Kf6 37.e4 h4 38.exf5 gxf5 39.Kb5 Ke5 40.
Ka4 Kf6 1/2-1/2

[Event "4th Tungsram it"]
[Site "Budapest HUN"]
[Date "1978.08.??"]
[Round "1"]
[White "Jansa, Vlastimil"]
[WhiteElo "2505"]
[Black "Kuzmin, Gennady"]
[BlackElo "2560"]
[Result "1/2-1/2"]
[EventDate "1978.08.12"]
[PlyCount "29"]

1.e4 e5 2.Nf3 Nc6 3.Bb5 a6 4.Ba4 Nf6 5.O-O Be7 6.Re1 b5 7.Bb3 d6 8.c3 Na5 
9.Bc2 c5 10.d4 Qc7 11.a4 Qb8 12.h3 O-O 13.axb5 axb5 14.Nbd2 Bd7 15.b3 
1/2-1/2

[Event "4th Tungsram it"]
[Site "Budapest HUN"]
[Date "1978.08.??"]
[Round "1"]
[White "Hardicsay, Peter"]
[Black "Mednis, Edmar John"]
[Result "0-1"]
[WhiteElo "2355"]
[BlackElo "2460"]
[EventDate "1978.08.12"]
[PlyCount "84"]

1.e4 c5 2.Nf3 Nc6 3.Bb5 g6 4.O-O Bg7 5.c3 Nf6 6.Re1 O-O 7.h3 Qc7 8.Na3 e5 
9.Nc2 a6 10.Bf1 d5 11.d3 h6 12.Qe2 Be6 13.Nd2 Nh5 14.g3 f5 15.exf5 Rxf5 
16.Ne3 Rf7 17.Bg2 Qd7 18.Kh2 Raf8 19.Rf1 Kh7 20.a3 Qd6 21.Kg1 Qd7 22.Kh2 
b5 23.Ng4 c4 24.dxc4 bxc4 25.b3 cxb3 26.Nxb3 Bxg4 27.hxg4 Nf6 28.f3 e4 29.
Bf4 exf3 30.Bxf3 Re8 31.Qd1 Ne5 32.Bxe5 Rxe5 33.Nd4 Rfe7 34.Nc2 Qc7 35.Qd3
Ne4 36.Rae1 Nxg3 37.Rxe5 Nxf1+ 38.Qxf1 Qxe5+ 39.Kg2 Qxc3 40.Qd1 d4 41.g5 
a5 42.gxh6 0-1

[Event "4th Tungsram it"]
[Site "Budapest HUN"]
[Date "1978.08.??"]
[Round "2"]
[White "Malich, Burkhard"]
[Black "Vadasz, Laszlo"]
[Result "1/2-1/2"]
[WhiteElo "2535"]
[BlackElo "2505"]
[EventDate "1978.08.12"]
[PlyCount "26"]

1.Nf3 Nf6 2.c4 c5 3.e3 g6 4.d4 Bg7 5.Nc3 O-O 6.Be2 d5 7.O-O cxd4 8.exd4 
Nc6 9.h3 Be6 10.c5 Ne4 11.Bb5 Qa5 12.Bxc6 Nxc3 13.Qe1 1/2-1/2

[Event "4th Tungsram it"]
[Site "Budapest HUN"]
[Date "1978.08.??"]
[Round "2"]
[White "Mednis, Edmar John"]
[Black "Fernandez Fernandez, Juan Carlos"]
[Result "1-0"]
[WhiteElo "2460"]
[BlackElo "2370"]
[EventDate "1978.08.12"]
[PlyCount "56"]

1.e4 c5 2.Nf3 d6 3.d4 cxd4 4.Nxd4 Nf6 5.Nc3 e6 6.g4 h6 7.g5 hxg5 8.Bxg5 
Nc6 9.Qd2 Qb6 10.Nb3 a6 11.O-O-O Qc7 12.Bg2 Bd7 13.f4 O-O-O 14.h4 Be7 15.
Bf3 g6 16.Qf2 Ng8 17.Bxe7 Ngxe7 18.Kb1 Kb8 19.Qg3 Bc8 20.Qg5 Rh7 21.Rd2 
Qb6 22.Rhd1 Qe3 23.Qg3 e5 24.fxe5 Nxe5 25.Rxd6 Rxd6 26.Rxd6 N7c6 27.Rxc6 
Rh5 28.Rf6 1-0

[Event "4th Tungsram it"]
[Site "Budapest HUN"]
[Date "1978.08.??"]
[Round "2"]
[White "Kuzmin, Gennady"]
[Black "Hardicsay, Peter"]
[Result "1-0"]
[WhiteElo "2560"]
[BlackElo "2355"]
[EventDate "1978.08.12"]
[PlyCount "84"]

1.e4 e5 2.Nf3 Nc6 3.Bb5 a6 4.Ba4 Nf6 5.O-O Be7 6.Re1 b5 7.Bb3 O-O 8.a4 Bb7
9.d3 d6 10.Bd2 b4 11.a5 d5 12.Bg5 dxe4 13.dxe4 Qxd1 14.Rxd1 Nxe4 15.Bxe7 
Nxe7 16.Nxe5 Nc5 17.Nd2 Rad8 18.Bc4 Bd5 19.Bf1 Rd6 20.Ndc4 Re6 21.b3 g6 
22.Nd3 Nxd3 23.Bxd3 Rd8 24.Bf1 Kf8 25.Rd2 Ra8 26.Rad1 c6 27.Nb6 Ra7 28.Rd4
Be4 29.R1d2 Kg7 30.Rxb4 g5 31.Re2 Bf5 32.Rxe6 Bxe6 33.Rd4 c5 34.Rd6 Kf6 
35.Na4 Nf5 36.Rxa6 Rc7 37.Nc3 Ke5 38.Ra8 Nd4 39.a6 Nc6 40.Nb5 Rd7 41.Rc8 
Bd5 42.c4 1-0

[Event "4th Tungsram it"]
[Site "Budapest HUN"]
[Date "1978.08.??"]
[Round "2"]
[White "Ree, Hans"]
[Black "Jansa, Vlastimil"]
[Result "1/2-1/2"]
[WhiteElo "2500"]
[BlackElo "2505"]
[EventDate "1978.08.12"]
[PlyCount "38"]

1.d4 Nf6 2.c4 g6 3.Nc3 d5 4.Nf3 Bg7 5.Qb3 dxc4 6.Qxc4 O-O 7.e4 Bg4 8.Be3 
Nfd7 9.Qb3 Nb6 10.Rd1 e6 11.Be2 Nc6 12.e5 Ne7 13.O-O h6 14.h3 Bxf3 15.Bxf3
c6 16.Ne4 Nf5 17.Nc5 Rb8 18.Bg4 Nd5 19.Bc1 Qe7 1/2-1/2

[Event "4th Tungsram it"]
[Site "Budapest HUN"]
[Date "1978.08.??"]
[Round "2"]
[White "Barczay, Laszlo"]
[Black "Portisch, Ferenc"]
[Result "1/2-1/2"]
[WhiteElo "2465"]
[BlackElo "2450"]
[EventDate "1978.08.12"]
[PlyCount "114"]

1.Nf3 Nf6 2.b3 g6 3.Bb2 Bg7 4.g3 d6 5.d4 Ne4 6.Nbd2 d5 7.Bg2 c5 8.O-O Nc6 
9.c4 Nxd4 10.Nxd4 cxd4 11.Nxe4 dxe4 12.e3 e5 13.exd4 exd4 14.Bxe4 O-O 15.
Qf3 Rb8 16.Rfd1 Qb6 17.Qf4 Be6 18.Bd5 Bxd5 19.cxd5 Rbd8 20.Bxd4 Qb4 21.a3 
Qxb3 22.Bxg7 Kxg7 23.Qd4+ Kg8 24.Rab1 Qxa3 25.Rxb7 Rd6 26.Rxa7 Qf3 27.Rd3 
Qf5 28.Kg2 g5 29.Re7 Rfd8 30.Re5 Qg6 31.Qe3 h6 32.Re8+ Rxe8 33.Qxe8+ Kg7 
34.Qe5+ Qf6 35.Qe4 Qg6 36.Qe5+ Qf6 37.f4 Kg6 38.Qxf6+ Kxf6 39.Kf3 Kf5 40.
g4+ Kf6 41.Ke4 gxf4 42.Kxf4 Ke7 43.h4 Rf6+ 44.Ke5 Rf1 45.Ra3 Re1+ 46.Kf5 
Rf1+ 47.Ke4 Re1+ 48.Re3 Rh1 49.h5 Kd6 50.Rf3 Re1+ 51.Kf5 Kxd5 52.Rd3+ Kc6 
53.Kf6 Rf1+ 54.Kg7 Rg1 55.Rf3 Rxg4+ 56.Kxf7 Rd4 57.Rf6+ Rd6 1/2-1/2

[Event "4th Tungsram it"]
[Site "Budapest HUN"]
[Date "1978.08.??"]
[Round "3"]
[White "Csom, Istvan"]
[Black "Regan, Kenneth"]
[Result "1/2-1/2"]
[WhiteElo "2510"]
[BlackElo "2430"]
[EventDate "1978.08.12"]
[PlyCount "44"]

1.c4 e6 2.Nf3 b6 3.g3 Bb7 4.Bg2 Nf6 5.O-O Be7 6.Nc3 O-O 7.Re1 d5 8.cxd5 
exd5 9.d4 Na6 10.Bf4 c5 11.Rc1 Ne4 12.dxc5 Naxc5 13.Nb5 g5 14.Be5 Qd7 15.
Nc3 Qf5 16.Bd4 Ne6 17.Be3 Bc5 18.Bxc5 bxc5 19.Nxe4 dxe4 20.Qc2 Nd4 21.Nxd4
cxd4 22.Qc7 e3 1/2-1/2

[Event "4th Tungsram it"]
[Site "Budapest HUN"]
[Date "1978.08.??"]
[Round "3"]
[White "Portisch, Ferenc"]
[Black "Lukacs, Peter"]
[Result "1/2-1/2"]
[WhiteElo "2450"]
[BlackElo "2460"]
[EventDate "1978.08.12"]
[PlyCount "38"]

1.d4 Nf6 2.c4 e6 3.Nc3 Bb4 4.e3 O-O 5.Bd3 d5 6.Nf3 c5 7.O-O dxc4 8.Bxc4 
Nbd7 9.a3 cxd4 10.Qxd4 Bxc3 11.Qxc3 Qc7 12.Qc2 b6 13.Bd3 Qxc2 14.Bxc2 Ba6 
15.Rd1 Rac8 16.Ne1 Rc7 17.Bd2 Rfc8 18.Rdc1 Nc5 19.f3 Bc4 1/2-1/2

[Event "4th Tungsram it"]
[Site "Budapest HUN"]
[Date "1978.08.??"]
[Round "3"]
[White "Jansa, Vlastimil"]
[WhiteElo "2505"]
[Black "Barczay, Laszlo"]
[BlackElo "2465"]
[Result "1/2-1/2"]
[EventDate "1978.08.12"]
[PlyCount "34"]

1.e4 c5 2.Nf3 d6 3.d4 cxd4 4.Nxd4 Nf6 5.Nc3 a6 6.Be2 g6 7.O-O Bg7 8.Bg5 
O-O 9.Kh1 Nc6 10.f4 Nxd4 11.Qxd4 Be6 12.Qe3 Rc8 13.Rad1 Qa5 14.f5 Bc4 15.
Bxc4 Rxc4 16.Bxf6 Bxf6 17.Nd5 Qc5 1/2-1/2

[Event "4th Tungsram it"]
[Site "Budapest HUN"]
[Date "1978.08.??"]
[Round "3"]
[White "Hardicsay, Peter"]
[Black "Ree, Hans"]
[Result "1/2-1/2"]
[WhiteElo "2355"]
[BlackElo "2500"]
[EventDate "1978.08.12"]
[PlyCount "36"]

1.d4 e6 2.e4 c5 3.d5 exd5 4.exd5 d6 5.Nf3 Nf6 6.Be2 Be7 7.O-O O-O 8.c4 Na6
9.Nc3 Nc7 10.Re1 Re8 11.h3 Bf5 12.Bf4 Ne4 13.Qc2 Nxc3 14.Qxf5 Nxe2+ 15.
Rxe2 Qc8 16.Qd3 Qd7 17.Rae1 h6 18.b3 Bf8 1/2-1/2

[Event "4th Tungsram it"]
[Site "Budapest HUN"]
[Date "1978.08.??"]
[Round "3"]
[White "Fernandez Fernandez, Juan Carlos"]
[Black "Kuzmin, Gennady"]
[Result "0-1"]
[WhiteElo "2370"]
[BlackElo "2560"]
[EventDate "1978.08.12"]
[PlyCount "90"]

1.d4 Nf6 2.c4 e6 3.Nc3 Bb4 4.e3 b6 5.Ne2 Ne4 6.Qc2 Bb7 7.a3 Nxc3 8.Nxc3 
Bxc3+ 9.Qxc3 O-O 10.b4 d5 11.Bb2 Nd7 12.Rc1 Rc8 13.c5 c6 14.Bd3 Nb8 15.a4 
Qd7 16.Qc2 f5 17.O-O b5 18.Ra1 Ba6 19.a5 Rce8 20.f3 Bc8 21.Bc3 Na6 22.Qb2 
Qe7 23.Rae1 Bd7 24.Re2 Rf7 25.Be1 e5 26.dxe5 Qxe5 27.Bc3 Qe7 28.f4 Qh4 29.
Rf3 Re6 30.Rh3 Qe7 31.Be5 Rf8 32.Rh5 Rxe5 33.fxe5 g6 34.Rh3 Re8 35.Rf3 
Qxe5 36.Qxe5 Rxe5 37.Rb2 g5 38.Rg3 g4 39.h3 h5 40.hxg4 hxg4 41.Bc2 Kg7 42.
Kf2 Nc7 43.Rb1 Ne8 44.Rh1 Nf6 45.Bd3 0-1

[Event "4th Tungsram it"]
[Site "Budapest HUN"]
[Date "1978.08.??"]
[Round "3"]
[White "Groszpeter, Attila"]
[Black "Mednis, Edmar John"]
[Result "0-1"]
[WhiteElo "2230"]
[BlackElo "2460"]
[EventDate "1978.08.12"]
[PlyCount "90"]

1.e4 d6 2.d4 Nf6 3.Nc3 g6 4.Nf3 Bg7 5.Be2 O-O 6.O-O Bg4 7.Be3 Nc6 8.Qd2 e5
9.d5 Ne7 10.Rad1 Bd7 11.Bh6 Nc8 12.Bxg7 Kxg7 13.Ne1 c5 14.f4 exf4 15.Qxf4 
Qe7 16.Nd3 Nb6 17.Rf2 Rae8 18.Rdf1 Ng8 19.Qg3 a6 20.h4 Bc8 21.h5 Nd7 22.
Nf4 Ndf6 23.Nh3 Bxh3 24.Qxh3 Nxe4 25.Nxe4 Qxe4 26.Bd3 Qxd5 27.Rf4 Qe6 28.
Qh2 Qe5 29.R1f3 Nh6 30.Qh3 Qg5 31.hxg6 hxg6 32.Rf1 Rh8 33.Qf3 Re7 34.Bc4 
Nf5 35.Qc3+ Re5 36.R1f3 Rh4 37.Rxh4 Qxh4 38.Qb3 Qd4+ 39.Kh2 Qh4+ 40.Kg1 
Re1+ 41.Bf1 Qd4+ 42.Kh2 b5 43.g3 Qd2+ 44.Kh3 c4 45.Qa3 Ne3 0-1

[Event "4th Tungsram it"]
[Site "Budapest HUN"]
[Date "1978.08.??"]
[Round "4"]
[White "Mednis, Edmar John"]
[Black "Vadasz, Laszlo"]
[Result "1-0"]
[WhiteElo "2460"]
[BlackElo "2505"]
[EventDate "1978.08.12"]
[PlyCount "34"]

1.e4 g6 2.d4 Bg7 3.Nc3 d6 4.f4 Nf6 5.Nf3 O-O 6.Bd3 Nc6 7.O-O Bg4 8.e5 Nh5 
9.Be3 dxe5 10.dxe5 f6 11.exf6 Bxf6 12.h3 Bxf3 13.Qxf3 Bd4 14.Ne2 e5 15.
Nxd4 Nxd4 16.Qe4 Nxf4 17.Bc4+ 1-0

[Event "4th Tungsram it"]
[Site "Budapest HUN"]
[Date "1978.08.??"]
[Round "4"]
[White "Kuzmin, Gennady"]
[Black "Groszpeter, Attila"]
[Result "1/2-1/2"]
[WhiteElo "2560"]
[BlackElo "2230"]
[EventDate "1978.08.12"]
[PlyCount "72"]

1.e4 c6 2.d4 d5 3.Nc3 dxe4 4.Nxe4 Bf5 5.Ng3 Bg6 6.Nf3 Nd7 7.h4 h6 8.h5 Bh7
9.Bd3 Bxd3 10.Qxd3 e6 11.Bf4 Qa5+ 12.Bd2 Qc7 13.O-O-O Ngf6 14.Qe2 O-O-O 
15.Ne5 Nxe5 16.dxe5 Nd7 17.f4 Be7 18.Rhf1 Rhe8 19.Ne4 Nc5 20.g4 Nxe4 21.
Qxe4 Rd5 22.c4 Rd7 23.Bc3 Red8 24.Rxd7 Qxd7 25.Kc2 Kc7 26.a3 c5 27.f5 Bg5 
28.Qf3 Qa4+ 29.b3 Qxa3 30.Ra1 Rd2+ 31.Bxd2 Qxa1 32.Bxg5 hxg5 33.fxe6 Qa2+ 
34.Kd1 Qa1+ 35.Kc2 Qa2+ 36.Kc3 Qa1+ 1/2-1/2

[Event "4th Tungsram it"]
[Site "Budapest HUN"]
[Date "1978.08.??"]
[Round "4"]
[White "Ree, Hans"]
[Black "Fernandez Fernandez, Juan Carlos"]
[Result "1-0"]
[WhiteElo "2500"]
[BlackElo "2370"]
[EventDate "1978.08.12"]
[PlyCount "88"]

1.d4 Nf6 2.c4 g6 3.Nc3 Bg7 4.e4 d6 5.f3 O-O 6.Be3 a6 7.Qd2 b6 8.O-O-O c5 
9.Nge2 Nc6 10.h4 b5 11.dxc5 Qa5 12.Kb1 dxc5 13.Nd5 Qxd2 14.Rxd2 Nd7 15.
Nec3 bxc4 16.Bxc4 e6 17.Nf4 Rb8 18.Na4 Rb4 19.b3 Na5 20.Rc1 Nxc4 21.Rxc4 
Rxc4 22.bxc4 Ne5 23.Nb6 Bb7 24.Bxc5 Rb8 25.Kc2 Bc6 26.Be3 Nxc4 27.Nxc4 
Ba4+ 28.Kd3 Bb5 29.a4 Bxa4 30.Nb6 Bb5+ 31.Kc2 h5 32.Ne2 Bf6 33.Nc3 Bxh4 
34.Nxb5 axb5 35.Kb3 Bg3 36.Rd7 Kf8 37.Bc5+ Kg7 38.Bd4+ e5 39.Bc5 h4 40.Nd5
h3 41.gxh3 Rh8 42.Be7 Bh4 43.Bd6 Bf6 44.h4 1-0

[Event "4th Tungsram it"]
[Site "Budapest HUN"]
[Date "1978.08.??"]
[Round "4"]
[White "Barczay, Laszlo"]
[Black "Hardicsay, Peter"]
[Result "1/2-1/2"]
[WhiteElo "2465"]
[BlackElo "2355"]
[EventDate "1978.08.12"]
[PlyCount "34"]

1.b3 e5 2.Bb2 Nc6 3.e3 d5 4.Bb5 Bd6 5.f4 Qh4+ 6.g3 Qe7 7.Nf3 Bg4 8.h3 Bxf3
9.Qxf3 Nf6 10.Nc3 O-O 11.O-O e4 12.Qf2 a6 13.Bxc6 bxc6 14.Ne2 Ba3 15.Bxa3 
Qxa3 16.g4 Nd7 17.Nd4 Qd6 1/2-1/2

[Event "4th Tungsram it"]
[Site "Budapest HUN"]
[Date "1978.08.??"]
[Round "4"]
[White "Lukacs, Peter"]
[WhiteElo "2460"]
[Black "Jansa, Vlastimil"]
[BlackElo "2505"]
[Result "1/2-1/2"]
[EventDate "1978.08.12"]
[PlyCount "34"]

1.d4 Nf6 2.c4 g6 3.Nc3 d5 4.Nf3 Bg7 5.Bf4 O-O 6.e3 c5 7.dxc5 Qa5 8.Rc1 
dxc4 9.Bxc4 Nc6 10.O-O Qxc5 11.Nb5 Qh5 12.h3 Be6 13.Be2 Qd5 14.Nc7 Qxa2 
15.Nxa8 Rxa8 16.Ra1 Qxb2 17.Rb1 Qa2 1/2-1/2

[Event "4th Tungsram it"]
[Site "Budapest HUN"]
[Date "1978.08.??"]
[Round "4"]
[White "Csom, Istvan"]
[Black "Portisch, Ferenc"]
[Result "1/2-1/2"]
[WhiteElo "2510"]
[BlackElo "2450"]
[EventDate "1978.08.12"]
[PlyCount "82"]

1.d4 Nf6 2.Nf3 g6 3.Bf4 b6 4.e3 Bb7 5.h3 Bg7 6.Nbd2 d6 7.Bc4 O-O 8.O-O 
Nbd7 9.Qe2 a6 10.a4 Qe8 11.Bh2 e5 12.dxe5 dxe5 13.e4 Qe7 14.c3 Ne8 15.Rfd1
Nd6 16.Bd5 c6 17.Ba2 Nc5 18.a5 b5 19.Qe3 Nd7 20.b4 Rac8 21.Nf1 Rfd8 22.Bg3
c5 23.Bd5 Bxd5 24.Rxd5 Nc4 25.Qe1 Nf6 26.Rxd8+ Rxd8 27.Bh4 cxb4 28.cxb4 h6
29.Rb1 Rd3 30.Qe2 Qd7 31.Ne1 Rd6 32.Bxf6 Bxf6 33.Nc2 Bg5 34.Nce3 Bxe3 35.
Nxe3 Rd2 36.Qe1 Qd3 37.Rd1 Rxd1 38.Qxd1 Qxe4 39.Nd5 Kg7 40.Nc7 Qc6 41.Qd8 
1/2-1/2

[Event "4th Tungsram it"]
[Site "Budapest HUN"]
[Date "1978.08.??"]
[Round "5"]
[White "Portisch, Ferenc"]
[Black "Regan, Kenneth"]
[Result "1-0"]
[WhiteElo "2450"]
[BlackElo "2430"]
[EventDate "1978.08.12"]
[PlyCount "60"]

1.d4 Nf6 2.c4 e6 3.Nc3 Bb4 4.e3 O-O 5.Bd3 Nc6 6.Nf3 Re8 7.Ne5 d6 8.Nxc6 
bxc6 9.Bd2 e5 10.O-O Bg4 11.f3 Bxc3 12.Bxc3 e4 13.fxg4 exd3 14.Qxd3 Nxg4 
15.Qf5 Nh6 16.Qf4 d5 17.cxd5 cxd5 18.Ba5 Qb8 19.Bxc7 Qxb2 20.Be5 Re6 21.
Qf3 Qb7 22.Rab1 Qd7 23.e4 Ra6 24.exd5 Rxa2 25.d6 Rd8 26.Qd5 Ra6 27.Rb7 Qc6
28.Rbxf7 Qxd5 29.Rxg7+ Kh8 30.Rd7+ 1-0

[Event "4th Tungsram it"]
[Site "Budapest HUN"]
[Date "1978.08.??"]
[Round "5"]
[White "Jansa, Vlastimil"]
[WhiteElo "2505"]
[Black "Csom, Istvan"]
[BlackElo "2510"]
[Result "1/2-1/2"]
[EventDate "1978.08.12"]
[PlyCount "122"]

1.e4 c5 2.Nf3 d6 3.d4 cxd4 4.Nxd4 Nf6 5.Nc3 Nc6 6.Bg5 e6 7.Qd2 a6 8.O-O-O 
h6 9.Be3 Ng4 10.Nxc6 bxc6 11.Bc5 Bb7 12.h3 Qa5 13.Bxd6 O-O-O 14.Bc7 Qxc7 
15.Qxd8+ Qxd8 16.Rxd8+ Kxd8 17.hxg4 Kc7 18.Bd3 Bc5 19.Nd1 e5 20.Kd2 Bc8 
21.Ne3 Rd8 22.f3 Be6 23.Nf5 Bf8 24.Ke2 a5 25.Ne3 Bc5 26.b3 f6 27.Nd1 Bb4 
28.Nb2 Ba3 29.Na4 Rb8 30.Rd1 Be7 31.c3 Ba3 32.Kd2 Rd8 33.Kc2 Bf7 34.Be2 
Rxd1 35.Bxd1 c5 36.Be2 Be8 37.Nb2 Bxb2 38.Kxb2 Bf7 39.Bb5 Kb6 40.Bd7 Kc7 
41.Ba4 Kb6 42.Kc2 Be6 43.Be8 g5 44.Kd3 Bg8 45.Kc2 Be6 46.Kd3 Bg8 47.Bd7 
Bf7 48.Kc2 Kc7 49.Bb5 Kb6 50.Be2 Be6 51.Kb2 Bf7 52.Ka3 Be6 53.Bd3 Bf7 54.
Kb2 Be6 55.a4 Bg8 56.Ka3 Be6 57.Bb5 Bf7 58.b4 Be6 59.bxa5+ Kxa5 60.Kb2 Kb6
61.Kc2 Bf7 1/2-1/2

[Event "4th Tungsram it"]
[Site "Budapest HUN"]
[Date "1978.08.??"]
[Round "5"]
[White "Hardicsay, Peter"]
[Black "Lukacs, Peter"]
[Result "0-1"]
[WhiteElo "2355"]
[BlackElo "2460"]
[EventDate "1978.08.12"]
[PlyCount "100"]

1.e4 e5 2.Nf3 Nc6 3.Bb5 a6 4.Ba4 Nf6 5.O-O Be7 6.Re1 b5 7.Bb3 d6 8.c3 O-O 
9.h3 Na5 10.Bc2 c5 11.d4 Qc7 12.Nbd2 cxd4 13.cxd4 Nc6 14.Nb3 a5 15.Be3 a4 
16.Nbd2 Nb4 17.Bb1 Bd7 18.a3 Nc6 19.Bd3 Na5 20.Qe2 Qb8 21.b4 axb3 22.Reb1 
Rc8 23.Nxb3 Nc4 24.Bc1 Qc7 25.Ra2 Bd8 26.d5 Nh5 27.Na1 Qa7 28.Nc2 Bb6 29.
g4 Nf4 30.Bxf4 exf4 31.Nb4 h5 32.Nc6 Bxc6 33.dxc6 hxg4 34.hxg4 Nxa3 35.Rb3
Bc5 36.e5 Qe7 37.Bf5 Re8 38.Bd7 dxe5 39.Qe4 Nc4 40.Rxa8 Rxa8 41.Rb1 Ra2 
42.Rxb5 Qd6 43.Qb1 Bxf2+ 44.Kh1 Ra8 45.Rb7 Bb6 46.Rxb6 Nxb6 47.Qxb6 Qd1+ 
48.Ng1 Qd5+ 49.Kh2 Ra2+ 50.Kh3 Qh1# 0-1

[Event "4th Tungsram it"]
[Site "Budapest HUN"]
[Date "1978.08.??"]
[Round "5"]
[White "Fernandez Fernandez, Juan Carlos"]
[Black "Barczay, Laszlo"]
[Result "0-1"]
[WhiteElo "2370"]
[BlackElo "2465"]
[EventDate "1978.08.12"]
[PlyCount "54"]

1.e4 c5 2.Nf3 d6 3.d4 cxd4 4.Nxd4 Nf6 5.Nc3 Nbd7 6.f4 g6 7.Nf3 Bg7 8.e5 
dxe5 9.fxe5 Ng4 10.e6 fxe6 11.Ng5 Bxc3+ 12.bxc3 Qa5 13.Qxg4 Qxc3+ 14.Kd1 
Qxa1 15.Qxe6 Qd4+ 16.Bd2 Qa1+ 17.Bc1 Qd4+ 18.Bd2 Nc5 19.Bb5+ Kd8 20.Nf7+ 
Kc7 21.Qxe7+ Kb6 22.a3 Qg4+ 23.Kc1 Kxb5 24.Ne5 Qa4 25.c4+ Ka6 26.Qxc5 Bf5 
27.Kb2 Rhe8 0-1

[Event "4th Tungsram it"]
[Site "Budapest HUN"]
[Date "1978.08.??"]
[Round "5"]
[White "Groszpeter, Attila"]
[Black "Ree, Hans"]
[Result "1/2-1/2"]
[WhiteElo "2230"]
[BlackElo "2500"]
[EventDate "1978.08.12"]
[PlyCount "88"]

1.e4 c5 2.c3 e6 3.d4 d5 4.exd5 exd5 5.Nf3 Nc6 6.Be3 c4 7.b3 cxb3 8.axb3 
Bd6 9.Be2 Nf6 10.O-O Ne4 11.c4 O-O 12.Nfd2 f5 13.Nxe4 fxe4 14.Nc3 Nb4 15.
Qd2 a5 16.cxd5 Bf5 17.Bc4 Qh4 18.g3 Qf6 19.f3 Qg6 20.fxe4 Bxe4 21.Bf4 Bd3 
22.Bxd3 Bxf4 23.Rxf4 Nxd3 24.Rxf8+ Rxf8 25.Rd1 Nf2 26.Rf1 Nh3+ 27.Kg2 Rxf1
28.Kxf1 Ng5 29.Qe3 h6 30.h4 Nf7 31.Qe8+ Kh7 32.Ne2 Nd6 33.Qe6 b5 34.h5 
Qb1+ 35.Kg2 Qc2 36.Kh3 a4 37.bxa4 bxa4 38.Qxd6 Qxe2 39.Qg6+ Kg8 40.Qf5 Qe7
41.Qc8+ Qf8 42.Qe6+ Qf7 43.Qc8+ Qf8 44.Qe6+ 1/2-1/2

[Event "4th Tungsram it"]
[Site "Budapest HUN"]
[Date "1978.08.??"]
[Round "5"]
[White "Vadasz, Laszlo"]
[Black "Kuzmin, Gennady"]
[Result "1/2-1/2"]
[WhiteElo "2505"]
[BlackElo "2560"]
[EventDate "1978.08.12"]
[PlyCount "120"]

1.Nf3 Nf6 2.c4 g6 3.g3 Bg7 4.Bg2 O-O 5.O-O d6 6.d4 Nbd7 7.Nc3 e5 8.h3 Re8 
9.e4 exd4 10.Nxd4 Nc5 11.Re1 a5 12.b3 Nfd7 13.Be3 Ne5 14.Qc2 a4 15.Rad1 
axb3 16.axb3 Na6 17.Qb1 Bd7 18.Nd5 c6 19.Nc3 Qa5 20.Nce2 c5 21.Nc2 Nb4 22.
Nxb4 Qxb4 23.Rxd6 Ra3 24.Bd2 Qxb3 25.Qxb3 Rxb3 26.f4 Be6 27.Rxe6 fxe6 28.
fxe5 Bxe5 29.Bf4 Bxf4 30.gxf4 Rd8 31.Kf2 Rd2 32.e5 Rbb2 33.Bf3 Rd4 34.Bxb7
Rxf4+ 35.Bf3 Rf5 36.Rd1 Rb3 37.Ng1 Rc3 38.Rd6 Rc2+ 39.Kg3 Rxe5 40.Bg4 Re3+
41.Kf4 Rcc3 42.Bxe6+ Kf8 43.Bd5 Ke7 44.Ra6 g5+ 45.Kf5 Re1 46.Nf3 Rb3 47.
Kxg5 Rb4 48.Kf5 Rb8 49.Kf4 Re2 50.Be4 Rf8+ 51.Bf5 Rf2 52.Re6+ Kd8 53.Re5 
Rc2 54.Ng5 Rf2+ 55.Nf3 Rc2 56.Ng5 Rf2+ 57.Ke4 Re2+ 58.Kd5 Rxe5+ 59.Kxe5 
Ke7 60.Nxh7 1/2-1/2

[Event "4th Tungsram it"]
[Site "Budapest HUN"]
[Date "1978.08.??"]
[Round "5"]
[White "Adorjan, Andras"]
[WhiteElo "2515"]
[Black "Mednis, Edmar John"]
[BlackElo "2460"]
[Result "1-0"]
[EventDate "1978.08.12"]
[PlyCount "81"]

1.e4 c5 2.Nf3 Nc6 3.Bb5 g6 4.O-O Bg7 5.Re1 e5 6.Bxc6 dxc6 7.d3 Qe7 8.Nbd2 
Nh6 9.Nc4 f6 10.b4 Be6 11.bxc5 Bxc4 12.dxc4 Qxc5 13.Qd3 Qe7 14.a4 Qd7 15.
Qb3 O-O 16.Ba3 Rfd8 17.Rab1 b6 18.c5+ Kh8 19.h3 Rab8 20.cxb6 Rxb6 21.Qc4 
Qf7 22.Qxf7 Nxf7 23.Rxb6 axb6 24.Rb1 Rb8 25.Bc5 b5 26.c4 Bf8 27.Bxf8 Rxf8 
28.cxb5 cxb5 29.axb5 Nd6 30.Nd2 Rd8 31.b6 Nb7 32.Nf1 f5 33.exf5 gxf5 34.
Ng3 f4 35.Ne4 Kg7 36.Rc1 Na5 37.Rc5 Nb3 38.Rxe5 Kf7 39.b7 Rb8 40.Nd6+ Kf6 
41.Re8 1-0

[Event "4th Tungsram it"]
[Site "Budapest HUN"]
[Date "1978.08.??"]
[Round "6"]
[White "Mednis, Edmar John"]
[Black "Malich, Burkhard"]
[Result "1/2-1/2"]
[WhiteElo "2460"]
[BlackElo "2535"]
[EventDate "1978.08.12"]
[PlyCount "40"]

1.e4 c5 2.Nf3 e6 3.d4 cxd4 4.Nxd4 Nf6 5.Nc3 d6 6.Be2 Be7 7.O-O O-O 8.f4 
Nc6 9.Be3 Nxd4 10.Bxd4 b6 11.Qd3 Bb7 12.Rad1 Qc8 13.Qg3 Rd8 14.Kh1 Bc6 15.
f5 e5 16.Be3 b5 17.Bh6 Bf8 18.Bg5 Be7 19.Bh6 Bf8 20.Bg5 Be7 1/2-1/2

[Event "4th Tungsram it"]
[Site "Budapest HUN"]
[Date "1978.08.??"]
[Round "6"]
[White "Ree, Hans"]
[Black "Vadasz, Laszlo"]
[Result "0-1"]
[WhiteElo "2500"]
[BlackElo "2505"]
[EventDate "1978.08.12"]
[PlyCount "46"]

1.d4 Nf6 2.c4 e6 3.g3 c5 4.d5 exd5 5.cxd5 b5 6.Bg2 Bb7 7.e4 d6 8.Qe2 Qb6 
9.Nf3 Be7 10.a4 Ba6 11.axb5 Bxb5 12.Qc2 Na6 13.Nc3 Nb4 14.Qb3 Bd3 15.Qa4+ 
Kf8 16.e5 Nc2+ 17.Kd1 Nxa1 18.exf6 Bxf6 19.Qxa1 Qb3+ 20.Ke1 Qc2 21.Bf1 h6 
22.Be3 Bxc3+ 23.bxc3 Be4 0-1

[Event "4th Tungsram it"]
[Site "Budapest HUN"]
[Date "1978.08.??"]
[Round "6"]
[White "Barczay, Laszlo"]
[Black "Groszpeter, Attila"]
[Result "1/2-1/2"]
[WhiteElo "2465"]
[BlackElo "2230"]
[EventDate "1978.08.12"]
[PlyCount "56"]

1.g3 g6 2.Bg2 Bg7 3.e4 e5 4.Ne2 Ne7 5.d4 exd4 6.Nxd4 Nbc6 7.Be3 d5 8.Nxc6 
bxc6 9.Bd4 Bxd4 10.Qxd4 O-O 11.Nc3 Be6 12.O-O-O Qd6 13.h4 h5 14.Rhe1 c5 
15.Qf6 d4 16.e5 Qa6 17.Qxe7 dxc3 18.Bxa8 cxb2+ 19.Kxb2 Qxa2+ 20.Kc1 Qa3+ 
21.Kd2 Rxa8 22.Re3 Qb4+ 23.Kc1 Kh7 24.Rd7 Bxd7 25.Qxf7+ Kh6 26.Qxd7 Rf8 
27.f4 c4 28.Qd2 1/2-1/2